UK Number One Hits of the 2010's - Statistics

General Stats
  • This quiz has been taken 314 times
  • The average score is 148 of 267
Answer Stats
Answer % Correct
Bad Romance Lady Gaga
95%
Blurred Lines Robin Thicke ft T.I & Pharrell Williams
95%
Telephone Lady Gaga ft Beyonce
94%
Part Of Me | Roar Katy Perry
93%
Grenade | Just The Way You Are (Amazing) | The Lazy Song Bruno Mars
90%
Diamonds | Only Girl (In The World) Rihanna
90%
The Monster Eminem ft Rihanna
89%
We Found Love Rihanna ft Calvin Harris
89%
What's My Name? Rihanna ft Drake
89%
Perfect | Shape Of You | Sing | Thinking Out Loud Ed Sheeran
88%
Cold Water Major Lazer ft Justin Bieber & MO
88%
OMG Usher ft will.i.am
88%
Hello | Someone Like You Adele
87%
Feels Calvin Harris ft Pharrell Williams, Katy Perry & Big Sean
86%
Wild Thoughts DJ Khaled ft Rihanna & Bryson Tiller
86%
Love Yourself | Sorry | What Do You Mean? Justin Bieber
86%
Uptown Funk Mark Ronson ft Bruno Mars
86%
Happy Pharrell Williams
86%
River Eminem ft Ed Sheeran
85%
Hall Of Fame The Script ft will.i.am
85%
Scream & Shout will.i.am ft Britney Spears
85%
It's My Birthday will.i.am ft Cody Wise
84%
This Is Love will.i.am ft Eva Simons
84%
7 Rings | Break Up With Your Girlfriend, I'm Bored | Thank U, Next Ariana Grande
83%
Bang Bang Jessie J, Ariana Grande & Nicki Minaj
83%
Drag Me Down | Little Things | One Way Or Another (Teenage Kicks) | What Makes You Beautiful One Direction
83%
Timber Pitbull ft Kesha
83%
Nothin' On You B.O.B ft Bruno Mars
82%
Price Tag Jessie J ft B.O.B
82%
Shallow Lady Gaga & Bradley Cooper
82%
California Gurls Katy Perry ft Snoop Dogg
81%
Wishing On A Star X Factor Finalists ft JLS & One Direction
81%
One Dance Drake ft Wizkid & Kyla
80%
One Kiss Calvin Harris & Dua Lipa
79%
Gettin' Over You David Guetta & Chris Willis ft Fergie & LMFAO
79%
Titanium David Guetta ft Sia
79%
God's Plan | In My Feelings | Nice For What Drake
79%
Payphone Maroon 5 ft Wiz Khalifa
79%
Give Me Everything Pitbull ft Ne-Yo, Afrojack & Nayer
79%
On The Floor Jennifer Lopez ft Pitbull
78%
Take Me Back To London Ed Sheeran ft Stormzy
77%
These Days Rudimental ft Jess Glynne, Macklemore & Dan Caplen
77%
Money On My Mind | Stay With Me | Too Good At Goodbyes | Writing's On The Wall Sam Smith
77%
Promises Calvin Harris & Sam Smith
76%
Call Me Maybe Carly Rae Jepsen
76%
Somebody That I Used To Know Gotye ft Kimbra
76%
Domino Jessie J
75%
Party Rock Anthem LMFAO ft Lauren Bennett & Goonrock
75%
Royals Lorde
75%
Wake Me Up Avicii
74%
Get Lucky Daft Punk ft Pharrell Williams
74%
I Don't Care Ed Sheeran & Justin Bieber
74%
All About That Bass Meghan Trainor
74%
Troublemaker Olly Murs ft Flo Rida
74%
Gangnam Style Psy
74%
Lovers On The Sun David Guetta ft Sam Martin
73%
Beautiful People Ed Sheeran ft Khalid
73%
Despacito Luis Fonsi & Daddy Yankee & Justin Bieber
72%
We Can't Stop Miley Cyrus
72%
New Rules Dua Lipa
71%
Thrift Shop Macklemore & Ryan Lewis ft Wanz
71%
Summer Calvin Harris
70%
Black Magic | Cannonball | Shout Out To My Ex | Wings Little Mix
70%
Stitches Shawn Mendes
70%
Club Can't Handle Me Flo Rida ft David Guetta
69%
Rather Be Clean Bandit ft Jess Glynne
68%
Old Town Road Lil Nas X
68%
Blame Calvin Harris ft John Newman
67%
Rockabye Clean Bandit ft Sean Paul & Anne-Marie
67%
Paradise Coldplay
67%
Mirrors Justin Timberlake
67%
La La La Naughty Boy ft Sam Smith
67%
Lay Me Down Sam Smith ft John Legend
67%
We R Who We R Kesha
66%
Fireflies Owl City
66%
Look What You Made Me Do Taylor Swift
66%
Burn | Love Me Like You Do Ellie Goulding
65%
Sign Of The Times Harry Styles
65%
Problem Ariana Grande ft Iggy Azalea
64%
Solo Clean Bandit ft Demi Lovato
64%
Symphony Clean Bandit ft Zara Larsson
64%
Someone You Loved Lewis Capaldi
64%
Dance With Me Tonight | Please Don't Let Me Go Olly Murs
64%
Under Control Calvin Harris & Alesso ft Hurts
63%
Sweet Nothing Calvin Harris ft Florence Welch
63%
We Are Young fun ft Janelle Monae
63%
Counting Stars OneRepublic
63%
Senorita Shawn Mendes & Camila Cabello
63%
Pillowtalk Zayn
63%
The Time (Dirty Bit) Black Eyed Peas
62%
Heart Skips A Beat Olly Murs ft Rizzle Kicks
62%
Candy Robbie Williams
62%
Dynamite Taio Cruz
61%
I'm The One DJ Khaled ft Justin Bieber, Quavo, Chance The Rapper & Lil Wayne
60%
Not Letting Go Tinie Tempah ft Jess Glynne
60%
Airplanes B.O.B ft Hayley Williams
59%
Marvin Gaye Charlie Puth ft Meghan Trainor
59%
See You Again Wiz Khalifa ft Charlie Puth
59%
RIP Rita Ora ft Tinie Tempah
58%
Don't Wanna Go Home | In My Head | Want To Want Me Jason Derulo
57%
Crazy Stupid Love Cheryl ft Tinie Tempah
56%
Need U (100%) Duke Dumont ft A*M*E
56%
Impossible | Say You Won't Let Go James Arthur
56%
Havana Camila Cabello ft Young Thug
55%
Good Feeling Flo Rida
54%
Pass Out Tinie Tempah
53%
Forget You CeeLo Green
52%
Don't Be So Hard On Yourself | Hold My Hand | I'll Be There Jess Glynne
52%
Tones And I Dance Monkey
51%
Shotgun George Ezra
51%
All Time Low | Glad You Came The Wanted
51%
Sweet But Psycho Ava Max
50%
Feel The Love Rudimental ft John Newman
50%
Turn The Music Louder (Rumble) KDA ft Tinie Tempah & Katy B
49%
I Took A Pill In Ibiza Mike Posner
49%
Written In The Stars Tinie Tempah ft Eric Turner
49%
Tsunami (Jump) Dvbbs & Borgeous ft Tinie Tempah
48%
Somewhere Only We Know Lily Allen
48%
Cheerleader Omi
48%
Talk Dirty Jason Derulo ft 2 Chainz
47%
Vossi Bop Stormzy
47%
Closer The Chainsmokers ft Halsey
47%
Rockstar Post Malone ft 21 Savage
46%
Beautiful Monster | Let Me Love You (Until You Learn To Love Yourself) Ne-Yo
45%
Don't You Worry Child Swedish House Mafia ft John Martin
45%
Hot Right Now DJ Fresh ft Rita Ora
44%
Rude Magic!
44%
My Love Route 94 ft Jess Glynne
44%
Eastside Benny Blanco, Halsey & Khalid
43%
Love You More | The Club Is Alive JLS
42%
She Makes Me Wanna JLS ft Dev
42%
How We Do (Party) | I Will Never Let You Down Rita Ora
42%
7 Years Lukas Graham
41%
Spectrum (Say My Name) Florence & The Machine
40%
I Love It Icona Pop ft Charli XCX
40%
Love Me Again John Newman
40%
I Could Be The One Avicii & Nicky Romero
39%
Call My Name | I Don't Care Cheryl
39%
Promise This Cheryl Cole
39%
Freaky Friday Lil Dicky ft Chris Brown
39%
Swagger Jagger Cher Lloyd
38%
I Love Sausage Rolls | We Built This City LadBaby
37%
Turn Up The Music Chris Brown
36%
Replay Iyaz
36%
She Looks So Perfect 5 Seconds Of Summer
34%
Am I Wrong Nico & Vinz
34%
Waiting All Night Rudimental ft Ella Eyre
33%
Three Lions Baddiel, Skinner & The Lightning Seeds
32%
Beneath Your Beautiful Labrinth ft Emeli Sande
32%
Changed The Way You Kiss Me | Stay Awake Example
31%
Read All About It Professor Green ft Emeli Sande
31%
Dirtee Disco Dizzee Rascal
30%
Ghost Ella Henderson
29%
King Years & Years
28%
When We Collide Matt Cardle
26%
Let's Get Ready To Rumble PJ & Duncan
26%
Shout Shout For England ft Dizzee Rascal & James Corden
25%
These Days Take That
25%
What About Us The Saturdays ft Sean Paul
25%
The Climb Joe McElderry
24%
All About Tonight Pixie Lott
24%
Do They Know It's Christmas? Band Aid 30
23%
Animals Martin Garrix
23%
This Ain't A Love Song Scouting For Girls
23%
Fight Song Rachel Platten
21%
Prayer In C Lilly Wood & Robin Schulz
18%
Waves Mr Probz
18%
Louder DJ Fresh ft Sian Evans
17%
Don't Hold Your Breath Nicole Scherzinger
17%
Me And My Broken Heart Rixton
17%
We No Speak Americano Yolanda Be Cool & DCUP
17%
The Man Aloe Blacc
16%
Skyscraper Sam Bailey
16%
Changing Sigma ft Paloma Faith
16%
Heatwave Wiley ft Ms D
16%
No Regrets Dappy
15%
I Got U Duke Dumont ft Jax Jones
15%
Start Without You Alexandra Burke ft Laza Morgan
14%
Once Diana Vickers
14%
Sing Gary Barlow & The Commonwealth Band
13%
Hideaway Kiesza
13%
Easy Love Sigala
13%
Nobody To Love Sigma
13%
Young Tulisa
13%
House Every Weekend David Zowie
12%
Bom Bom Sam & The Womp
12%
Heroes X Factor Finalists
12%
Are You With Me Lost Frequencies
11%
Get Up (Rattle) Bingo Players ft Far East Movement
10%
Twilight Cover Drive
10%
The Power Of Love Gabrielle Aplin
10%
Good Times | Green Light Roll Deep
10%
Something I Need Ben Haenow
9%
Wherever You Are Military Wives & Gareth Malone
9%
Gecko (Overdrive) Oliver Heldens & Becky Hill
9%
Everybody Hurts Helping Haiti
7%
Look Right Through Storm Queen
7%
Promises Nero
6%
I Wanna Feel Secondcity
6%
He Aint Heavy, He's My Brother The Justice Collective
6%
Don't Go Wretch 32 ft Josh Kumra
6%
Bridge Over Troubled Water Artists For Grenfell
5%
Loca People Sak Noel
5%
A Bridge Over You The Lewisham & Greenwich NHS Choir
3%
Funky Friday Dave ft Fredo
2%
Wake Me Up Gareth Malone's All Star Choir
2%
No matching quizzes found
Score Distribution
Percent of People with Each Score
Percentile by Number Answered
Your Score History
You have not taken this quiz